Catálogo de incunables de la Biblioteca Nacional / (Record no. 70309)

MARC details
000 -LEADER
campo de control de longitud fija 00857nam a2200229 i 4500
001 - NÚMERO DE CONTROL
campo de control 70309
003 - IDENTIFICADOR DE NÚMERO DE CONTROL
campo de control ES-MaACL
005 - FECHA Y HORA DE LA ÚLTIMA TRANSACCIÓN
campo de control 20240301062534.0
007 - CAMPO FIJO DE DESCRIPCIÓN FÍSICA--INFORMACIÓN GENERAL
campo de control de longitud fija t|
008 - DATOS DE LONGITUD FIJA--INFORMACIÓN GENERAL
campo de control de longitud fija 040721s1945 sp ||||1| spa d
110 2# - ENTRADA PRINCIPAL--NOMBRE DE ENTIDAD CORPORATIVA
Nombre de entidad corporativa o nombre de jurisdicción como elemento de entrada Biblioteca Nacional (España)
9 (RLIN) 2188
245 10 - MENCIÓN DEL TÍTULO
Título Catálogo de incunables de la Biblioteca Nacional /
Mención de responsabilidad, etc. publicado por Diosdado García Rojo y Gonzalo Ortiz de Montalván.
260 ## - PUBLICACIÓN, DISTRIBUCIÓN, ETC.
Lugar de publicación, distribución, etc. Madrid :
Nombre del editor, distribuidor, etc. [s.n.,
Fecha de publicación, distribución, etc. 1945] (
Fabricante Tip. Blass)
300 ## - DESCRIPCIÓN FÍSICA
Extensión VIII, 622 p., 26 lám. ;
Dimensiones 25 cm.
500 ## - NOTA GENERAL
Nota general Precede al tít.: Patronato de la Biblioteca Nacional.
650 04 - PUNTO DE ACCESO ADICIONAL DE MATERIA--TÉRMINO DE MATERIA
Término de materia o nombre geográfico como elemento de entrada Incunables-
Subdivisión geográfica Biblioteca Nacional (España)-
Subdivisión de forma Catálogos.
9 (RLIN) 13654
700 1# - ENTRADA AGREGADA--NOMBRE PERSONAL
Nombre de persona Ortíz de Montalván, Gonzalo.
9 (RLIN) 87600
700 0# - ENTRADA AGREGADA--NOMBRE PERSONAL
Nombre de persona García Rojo, Diosdado.
9 (RLIN) 55209
852 ## - LOCALIZACIÓN
Ubicación ES-MaACL
Número de control de estantería E-2281
Sublocalización o colección R.23159
852 ## - LOCALIZACIÓN
Ubicación ES-MaACL
Número de control de estantería B-10718
Sublocalización o colección R.23304
Holdings
Estatus retirado Estado de pérdida Estado de daño No para préstamo Biblioteca de origen Biblioteca actual Ubicación en estantería Fecha de adquisición Fuente de adquisición Total de préstamos Signatura topográfica completa Código de barras Visto por última vez Precio de reemplazo Tipo de ítem Koha
        Biblioteca del Ateneo de Madrid Biblioteca del Ateneo de Madrid Sala Pardo Bazán 17/01/2008     B-10718 1073626 23/02/2023 23/02/2023 Libro impreso
        Biblioteca del Ateneo de Madrid Biblioteca del Ateneo de Madrid Depósito 2 17/01/2008     E-2281 1073625 23/02/2023 23/02/2023 Libro impreso